|
|
|
|
| LEADER |
01163nam a2200253 a 4500 |
| 001 |
GR-Antirio647 |
| 008 |
090311s2004 nju 000 0 gre d |
| 020 |
|
|
|a 013046578X
|
| 040 |
|
|
|a GrPaTEI
|b gre
|c GR-PaULI
|
| 040 |
|
|
|a GrPaTEI
|b gre
|c GR-PaULI
|
| 040 |
|
|
|a GrPaTEI
|b gre
|c GR-PaULI
|
| 082 |
|
0 |
|a 004.67
|2 21
|
| 100 |
0 |
|
|a Regan, Patrick
|
| 245 |
1 |
0 |
|a Wide Area Networks /
|c Regan, Patrick.
|
| 250 |
|
|
|a 1st ed.
|
| 260 |
|
|
|a Upper Saddle River, NJ. :
|b Pearson / Prentice Hall,
|c c 2004
|
| 300 |
|
|
|a xix. , 654 σ. :
|b εικ. ;
|c 25 εκ.
|
| 500 |
|
|
|a Περιλαμβάνει ευρετήριο.
|
| 650 |
1 |
0 |
|a WIDE AREA NETWORKS (COMPUTER NETWORKS)
|
| 942 |
|
|
|2 ddc
|
| 952 |
|
|
|0 0
|1 0
|2 ddc
|4 0
|6 004_670000000000000_REG
|7 0
|9 261869
|a LISK-2
|b LISK-2
|c BSC
|d 2021-01-17
|e 24
|f 0
|g 0.00
|l 0
|o 004.67 REG
|p 2430000006816
|r 2021-01-17 00:00:00
|t 1
|w 2021-01-17
|y BK15
|x 20090311 0 1
|x GrPaTEI - Antirrio
|
| 952 |
|
|
|0 0
|1 0
|2 ddc
|4 0
|6 004_670000000000000_REG
|7 0
|9 261870
|a LISK-2
|b LISK-2
|c BSC
|d 2021-01-17
|e 24
|f 0
|g 0.00
|l 0
|o 004.67 REG
|p 2430000006817
|r 2021-01-17 00:00:00
|t 1
|w 2021-01-17
|y BK15
|x 20090311 0 1
|x GrPaTEI - Antirrio
|
| 971 |
|
|
|a .b25704461
|b 01-10-20
|c 12-09-16
|
| 999 |
|
|
|c 151098
|d 151098
|